00338pab a2200133 454500008004000000100001400040245005500054260000900109300001300118362001200131650002300143700001800166773002000184180718b2007 xxu||||| |||| 00| 0 eng d aRaj Kumar aTrend of foreign institutional investment in India c2007 ap.28-39. aJan-Mar aForeign investment aGupta, Hariom aIASSI Quarterly